ბათუმის შოთა რუსთაველის სახელმწიფო უნივერსიტეტის ბიბლიოთეკა

The International Hotel Industry: Sustainable Management (ბიბ.ჩანაწერი № 45134)

000 -LEADER
fixed length control field 00601nam a2200229Ia 4500
001 - CONTROL NUMBER
control field 11957
003 - CONTROL NUMBER IDENTIFIER
control field GE_BSU
008 - FIXED-LENGTH DATA ELEMENTS--GENERAL INFORMATION
fixed length control field 181216s||||||||xx |||||||||||||| ||und||
020 ## - INTERNATIONAL STANDARD BOOK NUMBER
International Standard Book Number 9780789033390
040 ## - CATALOGING SOURCE
Transcribing agency GE_BSU
080 ## - UNIVERSAL DECIMAL CLASSIFICATION NUMBER
Universal Decimal Classification number 658
100 ## - MAIN ENTRY--PERSONAL NAME
Personal name Lockyer, Timothy L. G.
245 #4 - TITLE STATEMENT
Title The International Hotel Industry: Sustainable Management
260 ## - PUBLICATION, DISTRIBUTION, ETC.
Place of publication, distribution, etc. United States,New York
260 ## - PUBLICATION, DISTRIBUTION, ETC.
Name of publisher, distributor, etc. Routledge Member of the Taylor and Francis Group
260 ## - PUBLICATION, DISTRIBUTION, ETC.
Date of publication, distribution, etc. 2007
300 ## - PHYSICAL DESCRIPTION
Extent 201p.22cm.
653 ## - INDEX TERM--UNCONTROLLED
Uncontrolled term Hospitality Industry
653 ## - INDEX TERM--UNCONTROLLED
Uncontrolled term International Business
942 ## - ADDED ENTRY ELEMENTS (KOHA)
Koha item type წიგნი
ეგზემპლარები
Withdrawn status Lost status Damaged status Not for loan Date acquired Barcode Date last seen Price effective from Koha item type
        2018-12-17 35942 2018-12-17 2018-12-17 წიგნი